| 000 | 00514nam a2200121 4500 | ||
|---|---|---|---|
| 008 | 180214b xxu||||| |||| 00| 0 eng d | ||
| 100 |
_926444 _aConcepcion, Pocholo. |
||
| 245 |
_aDrug addiction involves stress: _bIf we equip people to deal with stress in a healthy way, then we nip the problem in the bud, a visiting specialist in drug-induced pscychosis says/ _cPocholo Concepcion. |
||
| 260 |
_aPhilippines: _bPhilippine Daily Inquirer, _cc2017. |
||
| 300 | _apage C2. | ||
| 650 | 0 |
_926445 _aStress. |
|
| 942 |
_2ddc _cPER |
||
| 999 |
_c8614 _d8614 |
||